01195cam a2200277 450000100060000000300080000600500170001400800410003103500230007203500190009504000320011404100080014608200230015410000560017724502680023325000270050126000520052830000370058049000350061750400200065265000270067283000430069994200120074299900170075495201460077112190BD-RjUL20211208235242.0140128s1935 enke p 000 0 eng  a(OCoLC)ocm01813409 a(BD-RjUL)12239 aDLCcFQGdZCHdBD-RjULbeng aeng00a574.0151bFEB 19351 aFeldman, W. M.q(William Moses),d1879-1939.93694210aBiomathematics :bbeing the principles of mathematics for students of biological science /cby W. M. Feldman ... Introduction by the late Sir William M. Baylis ... With many worked numerical examples chosen from the different brances of biology, and 164 diagrams. a2d ed., reset and enl. aLondon :bC. Griffin & company, limited,c1935. axviii, 480 p. :bdiagrs.c20 cm.1 aGriffin's scientific textbooks aIncludes index. 0aBiomathematics.937760 0aGriffin's scientific textbooks.937768 2ddccBK c12190d12190 00102ddc40718NFICaRUCLbRUCLcReadingd1976-05-12eBook syndicate.g0.00l0o574.0151 FEB 1935r2014-01-28 00:00:00tC-1w2021-12-08yBK